Riešenie úloh obchodného cestujúceho v MatLabe

Možnosti riešenia úlohy obchodného cestujúceho v systéme MatLab použitím modulu Optimization toolbox. Stručný popis toolboxu spolu s jeho možnými nastaveniami. Ukážka riešenia na testovacích dátach dokumentuje použiteľnosť tohto toolboxu na riešenie úloh obchodného cestujúceho.

Gespeichert in:
Bibliographische Detailangaben
1. Verfasser: Čičková, Zuzana, 1978-
Weitere Verfasser: Majerský, Adam
Format: Buchkapitel
Sprache:Slowakisch
Schlagworte:
Tags: Tag hinzufügen
Keine Tags, Fügen Sie das erste Tag hinzu!

MARC

LEADER 00000nla a2200000 4500
001 0223429
005 20240502073644.8
041 0 |a slo 
044 |a SK 
245 1 0 |a Riešenie úloh obchodného cestujúceho v MatLabe  |c Zuzana Čičková, Adam Majerský 
520 |a Možnosti riešenia úlohy obchodného cestujúceho v systéme MatLab použitím modulu Optimization toolbox. Stručný popis toolboxu spolu s jeho možnými nastaveniami. Ukážka riešenia na testovacích dátach dokumentuje použiteľnosť tohto toolboxu na riešenie úloh obchodného cestujúceho. 
610 2 0 |a programovanie lineárne 
610 2 0 |a programovanie matematické 
610 2 0 |a algoritmy 
610 2 0 |a výskum operačný 
610 2 0 |a heuristika 
610 2 0 |a logistika 
610 2 0 |a obchodní cestujúci 
100 1 |a Čičková, Zuzana, 1978- 
700 1 |a Majerský, Adam